Normal view
MARC view
Entry Personal Name
001 - CONTROL NUMBER
- control field: 75812
003 - CONTROL NUMBER IDENTIFIER
- control field: dpl
005 - DATE AND TIME OF LATEST TRANSACTION
- control field: 20250103140948.0
008 - FIXED-LENGTH DATA ELEMENTS
- fixed length control field: 250103|| aca||aabn | a|a d
040 ## - CATALOGING SOURCE
- Original cataloging agency: dpl
- Transcribing agency: dpl
100 ## - HEADING--PERSONAL NAME
- Personal name: Jordan, E.L
670 ## - SOURCE DATA FOUND
- Source citation: Work cat.: (dpl)194174: Jordan, E.L., Invertebrate zoology :, 2022
